LEADER 00879nam a2200205 i 4500 001 000000027760 003 CaOOAMICUS 005 20180830125447.0 008 180830s1868 ne u000 u und u 040 $aSeMil$bita 100 1 $aGury, Jean-Pierre,$c.$0(OLS)http://semarc/name/12135 245 10$aCasus conscientiae in praecipuas quaestiones theologiae moralis /$cauctore p. Joanne Petro Gury. 250 $aEd. 4. 260 $aLugduni ; Parisiis :$bApud J. B. Pelagaud,$c1868. 300 $a2 v. ;$c19 cm. 650 4$aTeologia morale - Casi di coscienza.$0(OLS)http://semarc/subject/2481 774 0 $tTomus 1.$g1$w()48719 774 0 $tTomus 2.$g2$w()217498 996 $6245$aCasus conscientiae in praecipuas quaestiones theologiae moralis$9(OLS)http://semarc/title/37470 996 $6260$aLugduni ; Parisiis :$bApud J. B. Pelagaud$9(OLS)http://semarc/publisher/37443 LEADER 01414nam a2200277 i 4500 001 000000255040 003 CaOOAMICUS 005 20170720000000.0 008 170720s2017 it u000 u spa u 013 $a233945 020 $a978-88-7839-364-6 040 $aSeMil$bita 100 1 $aZubia, Marcelo Raúl <1970- >.$0(OLS)http://semarc/name/94412 245 10$a«Con la diestra en la espalda» :$bestudio sobre las imágenes de Dios y su actuar en Lamentaciones /$cMarcelo Raúl Zubia. 260 $aRoma :$bGBP, Gregorian & Biblical Press,$c2017. 300 $a234 p. ;$c24 cm. 490 0 $aTesi Gregoriana. Serie Teologia ;$v231 650 4$aBibbia. Antico Testamento. Lamentazioni - Commentari, studi, critica, interpretazioni.$0(OLS)http://semarc/subject/13557 650 4$aDio - Immagini.$0(OLS)http://semarc/subject/10258 830 0$aTesi Gregoriana. Serie Teologia ;$v231.$0(OLS)http://semarc/title/351 850 $aSeMil 852 $aSeMil$W1$xVenegono$y1$m2M VI 331$j205386$B205386$CSeMilBibl$Z2$F218752 $81 961 $aSottoscrizione: Pontificia Università Gregoriana 996 $6020$a978-88-7839-364-6$9(OLS)http://semarc/number/278700 996 $6245$a«Con la diestra en la espalda» :$bestudio sobre las imágenes de Dios y su actuar en Lamentaciones$9(OLS)http://semarc/title/411394 996 $6260$aRoma :$bGBP, Gregorian & Biblical Press$9(OLS)http://semarc/publisher/33573